| 000 | 004470000a22001810004500 | ||
|---|---|---|---|
| 003 | MACL | ||
| 005 | 20150920131840.0 | ||
| 008 | 150920b xxu||||| |||| 00| 0 eng d | ||
| 040 |
_aMACL _cMACL |
||
| 041 | _aEnglish | ||
| 082 | _a891/MOH | ||
| 100 |
_aMohanty, Janaki Ballabha _912101 |
||
| 245 | _aVrajantha Vadajena | ||
| 260 |
_bSahitya Akademi _c1991 _aNew Delhi |
||
| 350 | _a10 | ||
| 650 |
_aIndian Liteature _912395 |
||
| 942 |
_cBK _k891 _2ddc |
||
| 999 |
_c4192 _d4192 |
||